000 00672nam a22002417a 4500
003 UA-OsUOA
001 44911
007 ta
008 20110625b un ||||| |||| 00| 0 ukr d
100 _aШунь М.
090 _a82-1
_bШ96
942 _cBR
040 _aUA-OsUOA
_bukr
_cUA-OsUOA
_dUA-OsUOA
245 _aМи, котрі є
_bвірші
300 _a37 с.
955 _a3
041 _aukr
080 _a82-1
260 _aК.
_bМолодь
_c1990
650 7 _a82 Література. Літературознавство
_2UDC
999 _c425015
_d425015